Baladas del corazón cercano y otros poemas /
Gorde:
| Egile nagusia: | |
|---|---|
| Formatua: | Ezezaguna |
| Hizkuntza: | Spanish |
| Argitaratua: |
Montevideo, Uruguay :
Rosgal,
1935.
|
| Gaiak: | |
| Etiketak: |
Etiketa erantsi
Etiketarik gabe, Izan zaitez lehena erregistro honi etiketa jartzen!
|
MARC
| LEADER | 000000000a22000000004500 | ||
|---|---|---|---|
| 001 | 002986 | ||
| 041 | 0 | |a spa | |
| 082 | 0 | 4 | |a U861.4 |b B694b |
| 100 | 1 | |a Bollo, Sara | |
| 245 | 1 | 0 | |a Baladas del corazón cercano y otros poemas / |c Sara Bollo. |
| 260 | 1 | |a Montevideo, Uruguay : |b Rosgal, |c 1935. | |
| 300 | |a 138 páginas ; |c 21 cm. | ||
| 650 | 4 | |a CANCIONES | |
| 650 | 4 | |a POESIA | |
| 999 | |c 9307 |d 9307 | ||
| 942 | |c BK |h U861.4 B694b |2 z | ||
